Statystyki dla Łatwy quiz wiedzy ogólnej #1

Kliknij tutaj aby rozwiązać quiz!

Ogólne statystyki

  • Ten quiz został rozwiązany 443 razy
  • Średni wynik to 10 z 20

Statystyki odpowiedzi

PytanieOdpowiedź% Poprawnych
Co jest stolicą Grecji?Ateny
95%
Jakiego koloru są flamingi, normalnie?Różowe
95%
Jaka planeta Układu Słonecznego znajduje się najbliżej Słońca?Merkury
80%
Czyje długie panowanie jako królowej Anglii rozpoczęło się w 1952 roku?Królowa Elżbieta II
78%
Jaki jest najbardziej wysunięty na południe kraj w Afryce?Republika Południowej Afryki
71%
Co mają kręgowce, czego nie mają bezkręgowce?Kolce
69%
Kto w Biblii przekazał ludowi izraelskiemu Dziesięć Przykazań Bożych?Mojżesz
69%
Kto był pierwszym afroamerykańskim prezydentem Stanów Zjednoczonych?Barack Obama
67%
Jaki jest pierwszy pierwiastek w układzie okresowym?Wodór
61%
Jaki jest najludniejszy stan w Stanach Zjednoczonych?Kalifornia
59%
Na jakim oceanie znajduje się kraj Sri Lanka?Ocean Indyjski
51%
Jaki europejski odkrywca przybył do Nowego Świata w 1492 roku?Krzysztof Kolumb
47%
Jaka postać z kreskówki mówi ,,Co jest, doktorku?"Królik Bugs
44%
Jakiego zespołu rockowego liderem jest Mick Jagger?The Rolling Stones
36%
Kto był premierem Wielkiej Brytanii przez większą część II wojny światowej?Winston Churchill
33%
Jaki jest najpopularniejszy sport widowiskowy w Kanadzie?Hokej na lodzie
23%
Z jakiego kraju pochodził zarówno Krokodyl Dundee, jak i Łowca Krokodyli?Australia
21%
Jaka jest waluta Wielkiej Brytanii?Funt szterling
19%
Jaki film z 1980 roku był sequelem "Gwiezdnych Wojen"?Imperium kontratakuje
12%
Jaka jest najwyższa góra na świecie?Mt. Everest
6%

Rozkład punktacji

Percentyl według liczby udzielonych odpowiedzi

Procent ludzi z każdym wynikiem

Twoja historia wyników

Nie rozwiązałeś tego quizu